Dinaric Perspectives on TIMSS 2019 (Record no. 15015)

MARC details
000 -LEADER
fixed length control field 00826nam a2200121Ia 4500
008 - FIXED-LENGTH DATA ELEMENTS--GENERAL INFORMATION
fixed length control field 220615s9999||||xx |||||||||||||| ||und||
245 #0 - TITLE STATEMENT
Title Dinaric Perspectives on TIMSS 2019
Remainder of title Teaching and Learning Mathematics and Science in South-Eastern Europe
546 ## - LANGUAGE NOTE
Language note English[eng]
650 ## - SUBJECT ADDED ENTRY--TOPICAL TERM
Topical term or geographic name entry element TIMSS 2019||Student attitudes in mathematics||Student attitudes in science||achievement at the primary level||early learning activities||Regional characteristics of school||educational systems Dinaric||School resources at primary level||teachers Western Balkan region||IEA studies across the Dinaric region||Educational policies||Open access
700 ## - ADDED ENTRY--PERSONAL NAME
Personal name Japelj Pavešić, Barbara||Koršňáková, Paulína||Meinck, Sabine
856 ## - ELECTRONIC LOCATION AND ACCESS
Uniform Resource Identifier <a href="https://library.oapen.org/bitstream/20.500.12657/51474/1/9783030858025.pdf">https://library.oapen.org/bitstream/20.500.12657/51474/1/9783030858025.pdf</a>
942 ## - ADDED ENTRY ELEMENTS (KOHA)
Koha item type E-Books
Holdings
Withdrawn status Lost status Damaged status Not for loan Home library Current library Date acquired Total Checkouts Date last seen Price effective from Koha item type
        Kerala University of Digital Sciences, Innovation and Technology Knowledge Centre Kerala University of Digital Sciences, Innovation and Technology Knowledge Centre 15/06/2022   15/06/2022 15/06/2022 E-Books